000 00376nam a2200145Ia 4500
008 230719s9999 xx 000 0 und d
041 _aeng
082 _a006.32
_bDAS
100 _aDas R.P.
_9203729
245 _aNeural Networks And Fuzzy Logic
260 _c2012
_bS.K. Kataria & Sons
300 _a244
365 _cRs.
_b92.00
700 _aDas R.P. & Shreedhar L.
_9203730
999 _c354073
_d354073